[Event "Can't Get Enough Kings Gambit "]
[Site "SchemingMind.com"]
[Date "2008.03.29"]
[Round "-"]
[White "Raimondi"]
[Black "strokem1"]
[Result "1-0"]
[WhiteCountry "PER"]
[BlackCountry "USA"]
[WhiteElo "1646"]
[WhiteRD "70"]
[BlackElo "1564"]
[BlackRD "70"]
[GameID "148122"]

1. e4 e5 2. f4 Bc5 3. Nf3 exf4 4. d4 Bb6 5. Bxf4 d6 6. Bc4 Bg4 7. O-O Ne7 8. Qd3 O-O 9. Nbd2 c5 10. c3 cxd4
11. cxd4 Nbc6 12. Kh1 Ng6 13. Bg3 Qe7 14. h3 Bh5 15. Rae1 Kh8 16. e5 dxe5 17. dxe5 Rfe8 18. Qf5 Bxf3 19. Nxf3 Bc7 20. Bxf7 Rf8
21. Ng5 Ncxe5 22. Bxe5 Bxe5 23. Nxh7 Nh4 24. Qh5 Rxf7 25. Nf6#
1-0

[Event "Can't Get Enough Kings Gambit "]
[Site "SchemingMind.com"]
[Date "2008.03.29"]
[Round "-"]
[White "Zugzwang"]
[Black "strokem1"]
[Result "0-1"]
[WhiteCountry "CAN"]
[BlackCountry "USA"]
[WhiteElo "1544"]
[WhiteRD "61"]
[BlackElo "1564"]
[BlackRD "70"]
[GameID "148123"]

1. e4 e5 2. f4 exf4 3. Nf3 d5 4. exd5 Bd6 5. Nc3 Bf5 6. d4 Nf6 7. Ne5 O-O 8. Bxf4 Bxe5 9. Bxe5 Nxd5 10. Qf3 Be6
11. Bd3 Qg5 12. O-O f6 13. Nxd5 Nc6 14. Bxc7 Nxd4 15. Nb4 Nxf3+ 16. Rxf3 Rac8 17. Bf4 Qh5 18. Re1 Bxa2 19. Rh3 Qc5+
0-1

[Event "Can't Get Enough Kings Gambit "]
[Site "SchemingMind.com"]
[Date "2008.03.29"]
[Round "-"]
[White "saxondom"]
[Black "strokem1"]
[Result "0-1"]
[WhiteCountry "HUN"]
[BlackCountry "USA"]
[WhiteElo "1430"]
[WhiteRD "73"]
[BlackElo "1564"]
[BlackRD "70"]
[GameID "148127"]

1. e4 e5 2. f4 Nc6 3. Nf3 exf4 4. Bc4 Bc5 5. d4 Bb6 6. Bxf4 Qe7 7. e5 d6 8. Qe2 Bxd4 9. exd6 Qxe2+ 10. Bxe2 cxd6
11. Bb5 Bc5 12. Na3 Nf6 13. O-O-O a6 14. Rhe1+ Be6 15. Nc4 d5 16. Nd6+ Bxd6 17. Bxd6 axb5 18. a3 O-O-O 19. h4 Rxd6 20. b3 b4
21. a4 Kd7 22. Kb2 Ne4 23. Rd3 Rb8 24. Ra1 Na5 25. Ne5+ Ke7 26. g4 f6 27. Nf3 b5 28. axb5 Rxb5 29. Nd4 Rc5 30. Rg1 h6
31. Nf5+ Bxf5 32. gxf5 Kf7
0-1

[Event "Can't Get Enough Kings Gambit "]
[Site "SchemingMind.com"]
[Date "2008.03.29"]
[Round "-"]
[White "yozzer"]
[Black "strokem1"]
[Result "1-0"]
[WhiteCountry "GBR"]
[BlackCountry "USA"]
[WhiteElo "1922"]
[WhiteRD "107"]
[BlackElo "1564"]
[BlackRD "70"]
[GameID "148128"]

1. e4 e5 2. f4 Bc5 3. Nf3 exf4 4. d4 Bb6 5. Bxf4 d6 6. Nc3 f5 7. Bc4 Nf6 8. e5 dxe5 9. Nxe5 Qxd4 10. Qxd4 Bxd4
11. Nb5 Na6 12. Nxd4 c5 13. Nb5 b6 14. O-O-O Bb7 15. Nd6+
1-0

[Event "Can't Get Enough Kings Gambit "]
[Site "SchemingMind.com"]
[Date "2008.03.31"]
[Round "-"]
[White "dtedesco"]
[Black "strokem1"]
[Result "0-1"]
[WhiteCountry "CAN"]
[BlackCountry "USA"]
[WhiteElo "1437"]
[WhiteRD "51"]
[BlackElo "1564"]
[BlackRD "70"]
[GameID "148129"]

1. e4 e5 2. f4 exf4 3. Nf3 g5 4. h4 g4 5. Ne5 Nf6 6. Bc4 d5 7. exd5 Nxd5 8. Nc3 c6 9. Qe2 Be7 10. Rf1 Bxh4+
11. Kd1 O-O 12. Nxg4 Bg3 13. Qf3 Nxc3+ 14. Qxc3 Bxg4+ 15. Be2 Bxe2+ 16. Kxe2 Re8+ 17. Kd1 Qh4 18. b3 f3 19. Bb2 Be5 20. Qxf3 Qe7
21. Bxe5 Qxe5 22. c3 Re7 23. Re1 Qxe1+ 24. Kc2 Qxa1 25. Qf4 Nd7 26. Qd6 Rae8 27. a4 Nb6 28. g4 Rd7 29. Qf6 Qa2+ 30. Kd1 Qb1#
0-1

[Event "Can't Get Enough Kings Gambit "]
[Site "SchemingMind.com"]
[Date "2008.03.29"]
[Round "-"]
[White "Carl Lenox"]
[Black "strokem1"]
[Result "0-1"]
[WhiteCountry "CAN"]
[BlackCountry "USA"]
[WhiteElo "1230"]
[WhiteRD "65"]
[BlackElo "1564"]
[BlackRD "70"]
[GameID "148130"]

1. e4 e5 2. f4 exf4 3. d4 Qh4+ 4. g3 fxg3 5. Bd3 gxh2+ 6. Ke2 hxg1=Q 7. Rxg1 d5 8. Bb5+ c6 9. Bg5 Bg4+ 10. Kd2 Qxg5+
11. Kd3 dxe4+ 12. Kxe4 Qf5+ 13. Ke3 Bxd1 14. Rxd1 Nf6 15. Nc3 Ng4+ 16. Kd2 Qf4+ 17. Ke1 Qf2#
0-1